Incorrect words of USA national anthem - Sudden Death - Statistics

General Stats
  • This quiz has been taken 102 times
  • The average score is 6 of 10
Answers on the Grid
Answers color-coded by a green-red scale on the quiz's grid according to % correct below.
O!
say
can
you
observe,
by
the
morning's
early
light,
What
so
proudly
we
cheered
at
the
twilight's
last
gleaming,
Whose
broad
stars
and
bright
stripes
through
the
dangerous
fight
O'er
the
ramparts
we
watched,
were
so
gallantly
streaming?
And
the
rockets'
bright
glare,
the
bombs
bursting
in
sky,
Gave
evidence
through
the
day
that
our
flag
was
still
there;
O!
say
does
that
star
spangled
banner
yet
wave
O'er
the
country
of
the
free
and
the
home
of
the
brave?
 
Answer Stats
Answer % Correct
observe,
97%
morning's
83%
cheered
79%
dangerous
68%
evidence
59%
sky,
51%
bright
48%
stripes
48%
stars
39%
country
13%
No matching quizzes found
Score Distribution
Percent of People with Each Score
Percentile by Number Answered
Your Score History
You have not taken this quiz